[Event "Mondiale Semilampo 2016"]
[Site "Doha QAT"]
[Date "2016.12.27"]
[Round "8.46"]
[White "Kozul, Zdenko"]
[Black "Quintiliano Pinto, Renato R."]
[Result "0-1"]
[WhiteTitle "GM"]
[BlackTitle "IM"]
[WhiteElo "2613"]
[BlackElo "2484"]
[WhiteFideId "14502879"]
[BlackFideId "2117568"]
[EventDate "2016.12.26"]

1. d4 d5 2. c4 e6 3. g3 Nf6 4. Bg2 Be7 5. Nf3 O-O 6. O-O dxc4 7. Qc2 b6 8. Rd1
Ba6 9. Ne5 Nd5 10. Nxc4 Nd7 11. a3 Qc8 12. e4 N5f6 13. Bf4 Nh5 14. Be3 Nhf6 15.
Nbd2 Bb7 16. Bg5 h6 17. Bxf6 Nxf6 18. Rac1 Rd8 19. e5 Nd5 20. Ne4 Qd7 21. h4 a5
22. Qe2 Bf8 23. Qg4 Kh8 24. h5 Rac8 25. Kh2 Ba6 26. Ne3 Bb7 27. Nc4 Ba6 28. Qf3
Kg8 29. Bf1 Bxc4 30. Bxc4 c5 31. dxc5 Bxc5 32. Kg2 Be7 33. Qe2 Rc7 34. Bb5 Qc8
35. Rxc7 Qxc7 36. Bd3 Qxe5 37. Bc4 Ne3+ 38. Qxe3 Rxd1 39. Qf3 Rd4 40. Bd3 Qd5
41. Bb1 f5 42. Nc3 Qxf3+ 43. Kxf3 Rd2 0-1

[Event "Mondiale Semilampo 2016"]
[Site "Doha QAT"]
[Date "2016.12.27"]
[Round "8.47"]
[White "Hirneise, Tobias"]
[Black "Gholami, Aryan"]
[Result "1/2-1/2"]
[WhiteTitle "IM"]
[BlackTitle "IM"]
[WhiteElo "2466"]
[BlackElo "2422"]
[WhiteFideId "24600881"]
[BlackFideId "12513342"]
[EventDate "2016.12.26"]

1. d4 Nf6 2. c4 e6 3. Nf3 b6 4. g3 Bb7 5. Bg2 Be7 6. O-O O-O 7. Nc3 Ne4 8. Qc2
Nxc3 9. Qxc3 c5 10. Rd1 Bf6 11. Qd3 d5 12. cxd5 Qxd5 13. Ne1 Qd7 14. dxc5 Bxg2
15. Kxg2 Qc6+ 16. Qf3 bxc5 17. Be3 Bxb2 18. Rab1 Bf6 19. Qxc6 Nxc6 20. Bxc5 Rfc8
21. Rd7 a5 22. Nd3 a4 23. Rbb7 Na5 24. Ra7 Nc6 25. Rab7 Na5 26. Rbc7 Rxc7 27.
Rxc7 g6 28. f4 Nc4 29. Bd4 Bxd4 30. Rxc4 Bf6 31. a3 Be7 32. Nb2 Bxa3 33. Rxa4 1/2-1/2

[Event "Mondiale Semilampo 2016"]
[Site "Doha QAT"]
[Date "2016.12.27"]
[Round "8.48"]
[White "Neelotpal, Das"]
[Black "Zhang, Zhong"]
[Result "1-0"]
[WhiteTitle "GM"]
[BlackTitle "GM"]
[WhiteElo "2463"]
[BlackElo "2645"]
[WhiteFideId "5003512"]
[BlackFideId "8600694"]
[EventDate "2016.12.26"]

1. e4 e5 2. Nf3 Nc6 3. Bc4 Bc5 4. O-O Nf6 5. d3 d6 6. c3 Bb6 7. a4 h6 8. Na3 O-O
9. Bb3 Re8 10. Nc4 Be6 11. Bc2 Bxc4 12. dxc4 a5 13. g3 Qd7 14. Nh4 Qh3 15. Qf3
Ne7 16. Qg2 Qe6 17. b3 c6 18. Ba3 d5 19. exd5 cxd5 20. cxd5 Qxd5 21. Rad1 Qxg2+
22. Kxg2 Rac8 23. c4 Bc5 24. Bxc5 Rxc5 25. Rd6 Nc8 26. Rd2 g6 27. Rfd1 Kf8 28.
Kg1 Ke7 29. Ng2 Na7 30. f4 Nc6 31. fxe5 Rxe5 32. Rf1 Rd8 33. Rdf2 Rd6 34. Nf4
Nd8 35. Nd3 Re3 36. c5 Rde6 37. b4 Ne4 38. Rf4 f5 39. bxa5 h5 40. Nb4 Nc3 41.
Rc4 Kf8 42. a6 bxa6 43. c6 Nxc6 44. Nxc6 Kg7 45. Nd4 1-0

[Event "Mondiale Semilampo 2016"]
[Site "Doha QAT"]
[Date "2016.12.27"]
[Round "8.49"]
[White "Gashimov, Sarkhan"]
[Black "Svane, Rasmus"]
[Result "1-0"]
[BlackTitle "GM"]
[WhiteElo "2351"]
[BlackElo "2555"]
[WhiteFideId "13400657"]
[BlackFideId "4657101"]
[EventDate "2016.12.26"]

1. Nf3 d5 2. b3 Bg4 3. Bb2 e6 4. e3 Nf6 5. Be2 Bd6 6. c4 c6 7. O-O Nbd7 8. d4
O-O 9. Nbd2 a5 10. a3 h6 11. h3 Bf5 12. c5 Be7 13. b4 b6 14. Bc3 axb4 15. axb4
Qc7 16. Qb3 Qb7 17. Qb2 Rab8 18. Qc1 Rfe8 19. Re1 Ra8 20. Qb2 Reb8 21. Rxa8 Rxa8
22. Ra1 b5 23. Nb3 Rxa1+ 24. Qxa1 Ne4 25. Be1 Bd8 26. Nfd2 Nef6 27. f3 Bc7 28.
Na5 Qa8 29. Ndb3 e5 30. Bg3 Bc2 31. Bxe5 Nxe5 32. dxe5 Bxb3 33. exf6 Bc2 34.
fxg7 Qe8 35. Qd4 Be5 36. Qd2 Bf5 37. Bd3 Bd7 38. Nb3 Bxg7 39. Bc2 Qe5 40. Nd4 h5
41. f4 Qf6 42. Nf3 Bf5 43. Bxf5 Qxf5 44. Nd4 Qg6 45. Qc2 Qg3 46. Nf5 Qe1+ 47.
Kh2 Bf6 48. Qa2 h4 49. Qa8+ Kh7 50. Qxc6 1-0

[Event "Mondiale Semilampo 2016"]
[Site "Doha QAT"]
[Date "2016.12.27"]
[Round "8.50"]
[White "Saeed, Ishaq"]
[Black "Belyakov, Bogdan"]
[Result "0-1"]
[WhiteTitle "FM"]
[BlackTitle "IM"]
[WhiteElo "2312"]
[BlackElo "2487"]
[WhiteFideId "9301453"]
[BlackFideId "24104795"]
[EventDate "2016.12.26"]

1. d4 Nf6 2. Nf3 g6 3. g3 Bg7 4. Bg2 O-O 5. O-O d6 6. a4 c5 7. dxc5 dxc5 8. c3
Nc6 9. Na3 Be6 10. Be3 Qb6 11. Qc1 Ng4 12. Bf4 a6 13. Nd2 Na5 14. h3 Nf6 15. Be3
Nb3 16. Nxb3 Bxb3 17. Nb1 Rfd8 18. Nd2 Bd5 19. Nf3 Rac8 20. Re1 Ne4 21. Ra3 Qc6
22. c4 Be6 23. Ng5 f5 24. Qc2 Bf6 25. Nxe4 fxe4 26. Bxe4 Qb6 27. Rb3 Qa5 28. Ra1
b5 29. Rba3 bxc4 30. Kh2 Bf7 31. Bf4 Qb4 32. Rb1 a5 33. h4 Kg7 34. Rf3 Rd4 35.
Be3 Rd6 36. Bf4 Rd7 37. h5 Rcd8 38. h6+ Kg8 39. Be3 Rc8 40. Bf4 Qb6 41. Qc1 Rcd8
42. Bg5 Rd1 43. Qf4 Rxb1 44. Bxb1 Qxb2 45. Be4 Rd6 0-1

[Event "Mondiale Semilampo 2016"]
[Site "Doha QAT"]
[Date "2016.12.27"]
[Round "8.51"]
[White "Tissir, Mohamed"]
[Black "Agdestein, Simen"]
[Result "0-1"]
[WhiteTitle "IM"]
[BlackTitle "GM"]
[WhiteElo "2376"]
[BlackElo "2602"]
[WhiteFideId "9000240"]
[BlackFideId "1500015"]
[EventDate "2016.12.26"]

1. e4 e6 2. d4 d5 3. Nc3 Nf6 4. Bg5 dxe4 5. Nxe4 Be7 6. Bxf6 gxf6 7. Qd3 f5 8.
Nc3 c6 9. O-O-O b5 10. Nf3 b4 11. Ne2 Nd7 12. Kb1 Bb7 13. Nf4 Qc7 14. Qe3 O-O-O
15. h4 Bd6 16. Nd3 c5 17. dxc5 Nxc5 18. Nxb4 Ne4 19. Nd3 Bc5 20. Qe1 Bxf2 21.
Qb4 Bb6 22. Be2 Ng3 23. Rhe1 Ba5 24. Qb3 Bxe1 25. Rxe1 Rhg8 26. Bd1 Ne4 27. Qa3
Kb8 28. Ng5 Rc8 29. Ka1 h6 30. Nf3 Rxg2 31. Nfe5 f6 32. Nf3 e5 33. Qb3 Nd6 34.
Nb4 Qb6 35. Qa4 e4 36. Nd4 a5 37. Nd3 0-1

[Event "Mondiale Semilampo 2016"]
[Site "Doha QAT"]
[Date "2016.12.27"]
[Round "8.53"]
[White "Stratonowitsch, Andre"]
[Black "khayat, Abdullah F"]
[Result "1-0"]
[WhiteElo "2138"]
[BlackElo "1732"]
[WhiteFideId "24613959"]
[BlackFideId "21500460"]
[EventDate "2016.12.26"]

1. e4 d5 2. exd5 Nf6 3. d4 Nxd5 4. c4 Nf6 5. Nc3 e5 6. dxe5 Qxd1+ 7. Nxd1 Ng4 8.
Nf3 Nc6 9. Bd2 Bc5 10. Bc3 Bb4 11. Be2 O-O 12. O-O Bxc3 13. Nxc3 Ngxe5 14. Nd5
Nxf3+ 15. Bxf3 Ne5 16. Nxc7 Nxf3+ 17. gxf3 Rb8 18. Rfe1 Bh3 19. b3 Rbc8 20. Re7
Rfd8 21. Rae1 Kf8 22. Nd5 Be6 23. Rxb7 Rd7 24. Rxd7 Bxd7 25. Re7 Bh3 26. Re3 a5
27. f4 Be6 28. Re5 a4 29. Nb6 axb3 30. Nxc8 b2 31. Rb5 Bxc8 32. Rxb2 Ke7 33. Rd2
Bd7 34. Rd4 Kd8 35. Kf1 Kc7 36. Ke2 f5 37. Kd3 Kc6 38. Rxd7 Kxd7 39. Kd4 Kc6 40.
a4 g6 41. a5 h5 42. h4 Kb7 43. c5 Ka6 44. c6 Ka7 45. Ke5 1-0

[Event "Mondiale Semilampo 2016"]
[Site "Doha QAT"]
[Date "2016.12.27"]
[Round "9.3"]
[White "Nepomniachtchi, Ian"]
[Black "Aronian, Levon"]
[Result "1/2-1/2"]
[WhiteTitle "GM"]
[BlackTitle "GM"]
[WhiteElo "2767"]
[BlackElo "2785"]
[WhiteFideId "4168119"]
[BlackFideId "13300474"]
[EventDate "2016.12.26"]

1. e4 e5 2. Nf3 Nc6 3. Bc4 Bc5 4. O-O Nf6 5. d3 O-O 6. a4 a5 7. c3 d5 8. exd5
Nxd5 9. Nbd2 Nb6 10. Bb5 Bd6 11. Re1 Bg4 12. h3 Bh5 13. Bxc6 bxc6 14. Ne4 f5 15.
Ng3 Bxf3 16. Qxf3 Qd7 17. c4 Rae8 18. b3 Bc5 19. Ra2 Bb4 20. Rf1 Rd8 21. Bg5 f4
22. Bxd8 fxg3 23. Qxg3 Qxd8 24. Qxe5 Qxd3 25. Re2 Qxb3 26. Re4 Qd3 27. Qe6+ Kh8
28. Qxc6 Qd7 29. Re6 Qxc6 30. Rxc6 Rf7 31. Rd1 g6 32. Rd8+ Kg7 33. Rb8 Nd7 34.
Rb5 Nb6 35. g3 Rd7 36. h4 Kf7 37. h5 Nxa4 38. hxg6+ hxg6 39. Rg5 Nb2 40. Rcxg6
Re7 41. c5 Bc3 42. Ra6 Re6 43. c6 Na4 44. Rh5 Kg6 45. Rd5 Bb4 46. f4 Nc5 47. f5+
Kf6 48. Ra8 Rxc6 49. Rg8 Kf7 50. Rh8 Rd6 51. Rh7+ Kf6 52. Rh6+ Kg5 53. Rhxd6
cxd6 54. Rxd6 Ne4 55. Ra6 Nxg3 56. f6 Kg6 57. Kf2 Ne4+ 58. Ke3 Nxf6 59. Kd4 Kf5
60. Kc4 Ne4 61. Kb5 Nc3+ 62. Kc4 Nb1 63. Kb5 Nc3+ 64. Kc4 Ke5 65. Rb6 Na2 66.
Kb3 Nc1+ 67. Ka4 Nd3 68. Rb5+ Kd4 69. Rh5 Nc5+ 70. Kb5 Ne4 71. Rh4 Kd3 72. Rh3+
Kc2 73. Rh4 Nc3+ 74. Kc4 Nb1 75. Rh2+ Kc1 76. Ra2 Na3+ 77. Kb3 Nb5 78. Rc2+ Kd1
79. Rc4 Bd2 80. Rc5 1/2-1/2

[Event "Mondiale Semilampo 2016"]
[Site "Doha QAT"]
[Date "2016.12.27"]
[Round "9.4"]
[White "Yu, Yangyi"]
[Black "Anand, Viswanathan"]
[Result "1/2-1/2"]
[WhiteTitle "GM"]
[BlackTitle "GM"]
[WhiteElo "2729"]
[BlackElo "2779"]
[WhiteFideId "8603820"]
[BlackFideId "5000017"]
[EventDate "2016.12.26"]

1. d4 Nf6 2. c4 e6 3. Nf3 d5 4. Nc3 Be7 5. Bg5 h6 6. Bh4 O-O 7. e3 Nbd7 8. Qc2
c5 9. cxd5 Nxd5 10. Bxe7 Qxe7 11. Nxd5 exd5 12. dxc5 Nxc5 13. Be2 Bg4 14. O-O
Rac8 15. Rad1 Rfd8 16. h3 Ne6 17. Qa4 Bf5 18. Nd4 Nxd4 19. Rxd4 Rc2 20. Bf3 Rxb2
21. Qxa7 Be4 22. Bxe4 1/2-1/2

[Event "Mondiale Semilampo 2016"]
[Site "Doha QAT"]
[Date "2016.12.27"]
[Round "9.6"]
[White "Li, Chao b"]
[Black "Artemiev, Vladislav"]
[Result "1-0"]
[WhiteTitle "GM"]
[BlackTitle "GM"]
[WhiteElo "2720"]
[BlackElo "2653"]
[WhiteFideId "8604436"]
[BlackFideId "24101605"]
[EventDate "2016.12.26"]

1. d4 d5 2. c4 c6 3. cxd5 cxd5 4. Bf4 Nc6 5. e3 Nf6 6. Nc3 a6 7. Be2 Bf5 8. Nf3
e6 9. Qb3 Bd6 10. Bxd6 Qxd6 11. Qxb7 O-O 12. Qb3 Rfc8 13. O-O Rab8 14. Qa4 Rxb2
15. Qxa6 Qb8 16. Na4 Rb7 17. Nc5 Rb2 18. a3 h6 19. Rfc1 Bc2 20. Bd1 Bxd1 21.
Rxd1 Ne4 22. Nxe4 dxe4 23. Nd2 Ne7 24. Nxe4 Rcc2 25. Rac1 Qc7 26. Qf1 Nd5 27. h3
Nxe3 28. fxe3 Rxg2+ 29. Qxg2 Rxg2+ 30. Kxg2 Qb7 31. d5 exd5 32. Nf2 Qe7 33. a4
Qg5+ 34. Kf1 Qxe3 35. a5 Qa7 36. Ra1 Qa6+ 37. Rd3 d4 38. Ra4 f5 39. Ke1 f4 40.
Rdxd4 f3 41. Re4 Qg6 42. Ng4 Qa6 43. Kf2 h5 44. Ne5 Qa7+ 45. Red4 Qc5 46. Nxf3
Qc2+ 47. Ke3 Qc1+ 48. Ke2 Qb2+ 49. Nd2 Qb5+ 50. Kd1 Qa6 51. h4 Kh7 52. Rdb4 g6
53. Rb6 Qa7 54. Rb5 Qa6 55. Rg5 Qc6 56. Rc4 Qh1+ 57. Kc2 Kh6 58. Nb3 Qh2+ 59.
Kc3 Qd6 60. Kb2 Qh2+ 61. Ka3 Qd6+ 62. Rb4 Kh7 63. Rc5 Kh6 64. Rb6 Qe7 65. a6
Qxh4 66. a7 Qe4 67. Rb8 1-0

[Event "Mondiale Semilampo 2016"]
[Site "Doha QAT"]
[Date "2016.12.27"]
[Round "9.7"]
[White "Vidit, Santosh Gujrathi"]
[Black "Cheparinov, Ivan"]
[Result "1/2-1/2"]
[WhiteTitle "GM"]
[BlackTitle "GM"]
[WhiteElo "2689"]
[BlackElo "2689"]
[WhiteFideId "5029465"]
[BlackFideId "2905540"]
[EventDate "2016.12.26"]

1. d4 Nf6 2. c4 e6 3. Nf3 d5 4. Nc3 Be7 5. e3 O-O 6. b3 c5 7. Bb2 cxd4 8. Nxd4
dxc4 9. Bxc4 Bd7 10. O-O Nc6 11. Nf3 Rc8 12. Rc1 Qa5 13. Qe2 Rfd8 14. a3 Be8 15.
Nb5 a6 16. b4 Qb6 17. Nc3 Qc7 18. Bd3 Qb8 19. Rfd1 Ng4 20. Bb1 Nge5 21. Nd2 Ng6
22. Nde4 Rxd1+ 23. Rxd1 Nce5 24. Ba2 Rd8 25. f4 Rxd1+ 26. Qxd1 Nd7 27. Ne2 Qc7
28. N2g3 Qb6 29. Bd4 Qc6 30. Qa1 Bf8 31. Qb2 Nb6 32. Nc5 Na4 33. Nxa4 Qxa4 34.
Bb3 Qb5 35. Qc2 Nh4 36. e4 a5 37. Bc4 Qd7 38. Bc3 axb4 39. axb4 b5 40. Bf1 Bxb4
41. Bxg7 Qd2 42. Qxd2 Bxd2 43. Bd4 f5 44. exf5 exf5 45. Bf6 Be3+ 46. Kh1 Ng6 47.
Nxf5 1/2-1/2

[Event "Mondiale Semilampo 2016"]
[Site "Doha QAT"]
[Date "2016.12.27"]
[Round "9.9"]
[White "Mamedov, Rauf"]
[Black "Dominguez Perez, Leinier"]
[Result "0-1"]
[WhiteTitle "GM"]
[BlackTitle "GM"]
[WhiteElo "2688"]
[BlackElo "2739"]
[WhiteFideId "13401653"]
[BlackFideId "3503240"]
[EventDate "2016.12.26"]

1. e4 e5 2. Nf3 Nc6 3. Bc4 Bc5 4. c3 Nf6 5. d3 O-O 6. O-O d5 7. exd5 Nxd5 8. a4
Bf5 9. Re1 Nb6 10. Bb5 Ne7 11. a5 c6 12. axb6 cxb5 13. Rxa7 Qxb6 14. Rxa8 Bxf2+
15. Kh1 Rxa8 16. Rxe5 Bc5 17. Na3 Bd7 18. Nc2 Bd6 19. Re1 Nf5 20. d4 f6 21. Nb4
Bxb4 22. Qb3+ Kh8 23. Qxb4 Qc6 24. Bf4 Be6 25. Qc5 Bd5 26. Qxc6 bxc6 27. Kg1 g5
28. Bc7 h5 29. Kf2 Ra2 30. Re2 Bc4 31. Rd2 Ra1 32. Ne1 Kg7 33. h3 h4 34. Nd3 Rb1
35. Ne1 Ng3 0-1

[Event "Mondiale Semilampo 2016"]
[Site "Doha QAT"]
[Date "2016.12.27"]
[Round "9.11"]
[White "Malakhov, Vladimir"]
[Black "Amonatov, Farrukh"]
[Result "0-1"]
[WhiteTitle "GM"]
[BlackTitle "GM"]
[WhiteElo "2713"]
[BlackElo "2620"]
[WhiteFideId "4120787"]
[BlackFideId "14700077"]
[EventDate "2016.12.26"]

1. Nf3 Nf6 2. c4 g6 3. b3 Bg7 4. Bb2 O-O 5. g3 d6 6. Bg2 e5 7. O-O Nbd7 8. Nc3
Re8 9. e3 c6 10. d4 e4 11. Nd2 d5 12. f3 exf3 13. Qxf3 Nb6 14. c5 Bg4 15. Qf4
Nbd7 16. e4 Be6 17. exd5 Nxd5 18. Nxd5 cxd5 19. b4 Nf6 20. Rae1 Qd7 21. Nf3 Qb5
22. Ng5 Qxb4 23. Nxe6 fxe6 24. Ba1 Re7 25. Rb1 Qa4 26. Rf2 Rf8 27. Qd6 Rfe8 28.
Qf4 Qc6 29. Re2 b6 30. Rc1 bxc5 31. dxc5 e5 32. Qg5 e4 33. Bd4 Nd7 34. Qe3 Ne5
35. Bxe5 Rxe5 36. Kh1 h5 37. Qb3 Kh7 38. Rd1 Qxc5 39. Rc2 Qa5 40. Rc6 Rf5 41.
Qb7 Qa4 42. Re1 Qa5 43. Rec1 e3 44. Rc7 Rg8 45. Qb2 Qd2 46. Qxd2 exd2 47. Rg1
Re8 48. Rc2 Bh6 49. Rc7+ Kh8 50. Rc3 Be3 51. Rb1 Bd4 0-1

[Event "Mondiale Semilampo 2016"]
[Site "Doha QAT"]
[Date "2016.12.27"]
[Round "9.12"]
[White "Tomashevsky, Evgeny"]
[Black "Henriquez Villagra, Cristobal"]
[Result "1-0"]
[WhiteTitle "GM"]
[BlackTitle "IM"]
[WhiteElo "2716"]
[BlackElo "2517"]
[WhiteFideId "4147235"]
[BlackFideId "3409350"]
[EventDate "2016.12.26"]

1. Nf3 d5 2. g3 g6 3. c4 d4 4. b4 Bg7 5. Bg2 e5 6. d3 Ne7 7. Nbd2 O-O 8. O-O a5
9. b5 c5 10. bxc6 Nexc6 11. h4 Na6 12. Rb1 Qc7 13. h5 Nc5 14. hxg6 hxg6 15. Nb3
Ne6 16. Ng5 Nxg5 17. Bxg5 Nd8 18. Bxd8 Rxd8 19. Nd2 Rb8 20. Qb3 Bg4 21. Bf3 Bh6
22. Ne4 Bxf3 23. exf3 b6 24. Nf6+ Kg7 25. Ng4 Bd2 26. Qb5 Re8 27. Rb2 Bc3 28.
Re2 f6 29. Rb1 Qc8 30. Kg2 Qf5 31. Qc6 Rec8 32. Qd6 Rb7 33. Rxb6 Rf7 34. Re4 Rh8
35. Rb8 Bb4 36. Qb6 Bf8 37. Rb7 Be7 38. Rb8 Bf8 39. Rb7 Be7 40. Qa7 Qh5 41. Nh6
Rxh6 42. Rh4 Qg5 43. Rxe7 Rxh4 44. Rxf7+ Kg8 45. Qe7 1-0

[Event "Mondiale Semilampo 2016"]
[Site "Doha QAT"]
[Date "2016.12.27"]
[Round "9.13"]
[White "Riazantsev, Alexander"]
[Black "Inarkiev, Ernesto"]
[Result "1/2-1/2"]
[WhiteTitle "GM"]
[BlackTitle "GM"]
[WhiteElo "2671"]
[BlackElo "2709"]
[WhiteFideId "4125029"]
[BlackFideId "4162722"]
[EventDate "2016.12.26"]

1. d4 Nf6 2. c4 e6 3. Nf3 d5 4. Nc3 Bb4 5. e3 O-O 6. Bd2 c5 7. a3 Bxc3 8. Bxc3
Ne4 9. Rc1 Nxc3 10. Rxc3 cxd4 11. Nxd4 dxc4 12. Bxc4 Bd7 13. O-O Nc6 14. Nb3 Qe7
15. Be2 Rfc8 16. Qd2 Nd8 17. Nc5 Be8 18. Rfc1 Rc7 19. Ne4 Rxc3 20. Qxc3 Bc6 21.
Bf3 f6 22. b4 a6 23. h3 Nf7 24. Nd2 Rc8 25. Qc5 Nd6 26. Qd4 e5 27. Bd5+ Kf8 28.
Qd3 Bxd5 29. Rxc8+ Nxc8 30. Qxd5 Nb6 31. Qe4 Qd7 32. Qc2 Kg8 33. Ne4 Qd5 34. Nc5
h6 35. Qg6 Qc6 36. Qd3 Nd5 37. g4 a5 38. Qb3 axb4 39. axb4 Kh8 40. Kh2 b6 41.
Ne4 Nf4 42. Qb1 Ne6 43. Qd3 Ng5 44. Nxg5 hxg5 45. Kg3 Qh1 46. Qd8+ Kh7 47. Qe8
e4 48. Qh5+ Kg8 49. Qe8+ 1/2-1/2

[Event "Mondiale Semilampo 2016"]
[Site "Doha QAT"]
[Date "2016.12.27"]
[Round "9.14"]
[White "Nguyen, Ngoc Truong Son"]
[Black "Akopian, Vladimir"]
[Result "1/2-1/2"]
[WhiteTitle "GM"]
[BlackTitle "GM"]
[WhiteElo "2629"]
[BlackElo "2675"]
[WhiteFideId "12401110"]
[BlackFideId "13300032"]
[EventDate "2016.12.26"]

1. d4 Nf6 2. Nf3 g6 3. c4 Bg7 4. Nc3 O-O 5. e4 d6 6. Be2 Bg4 7. Be3 Nfd7 8. O-O
Nc6 9. d5 Bxf3 10. Bxf3 Na5 11. Be2 Bxc3 12. bxc3 e5 13. dxe6 fxe6 14. f4 Qe7
15. Rb1 b6 16. Qc2 Rf7 17. Rf2 Nc5 18. Bxc5 dxc5 19. e5 Rd8 20. g3 Qe8 21. Rff1
Rfd7 22. Rbd1 Kg7 23. Rxd7+ Rxd7 24. Rd1 Qd8 25. Rxd7+ Qxd7 26. Qd3 Qxd3 27.
Bxd3 h5 28. Kf2 Nc6 29. Be4 Na5 30. Bd3 Nc6 31. Ke3 Ne7 32. h3 Nf5+ 33. Kf3 Nh6
34. Be4 Nf7 35. Bc6 Kf8 36. Ba4 Nh6 37. g4 hxg4+ 38. hxg4 Nf7 39. Bd7 Ke7 40.
Ba4 Kf8 41. Kg3 Kg7 42. Bd7 Nd8 43. Kh4 Kf7 44. Kg5 Kg7 45. Kh4 Kh6 46. f5 gxf5
47. gxf5 Nf7 48. fxe6 Nxe5 49. Kg3 Ng6 50. Be8 Kg7 51. Kf3 Ne5+ 52. Ke4 Nxc4 53.
Kd5 Nd6 54. Bd7 Kf6 55. Kc6 Ne4 56. c4 Ke7 57. Kxc7 Nd6 58. Kb8 Nxc4 59. Kxa7
Na3 60. Kxb6 c4 61. Kc5 c3 62. Ba4 Kxe6 63. Kb4 c2 64. Bxc2 Nxc2+ 1/2-1/2

[Event "Mondiale Semilampo 2016"]
[Site "Doha QAT"]
[Date "2016.12.27"]
[Round "9.15"]
[White "Onischuk, Vladimir"]
[Black "Vitiugov, Nikita"]
[Result "1-0"]
[WhiteTitle "GM"]
[BlackTitle "GM"]
[WhiteElo "2601"]
[BlackElo "2726"]
[WhiteFideId "14114038"]
[BlackFideId "4152956"]
[EventDate "2016.12.26"]

1. e4 c5 2. Nf3 e6 3. b3 b6 4. Bb2 Bb7 5. Nc3 Nc6 6. g3 Nd4 7. Bg2 Nxf3+ 8. Qxf3
Ne7 9. O-O-O Nc6 10. Ne2 e5 11. Qg4 h5 12. Qh3 d6 13. f4 Bc8 14. f5 a5 15. Nc3
a4 16. Bf1 axb3 17. axb3 Nd4 18. Nd5 Bd7 19. Bxd4 exd4 20. Kb2 Be7 21. Bd3 b5
22. Ra1 Rc8 23. Qf1 Bf6 24. Bxb5 d3+ 25. Nxf6+ Qxf6+ 26. e5 Qxe5+ 27. c3 Bxb5
28. Re1 O-O 29. Rxe5 dxe5 30. f6 g6 31. Qf2 Rfe8 32. g4 hxg4 33. Qh4 Re6 34. Rf1
Rcc6 35. Qxg4 e4 36. c4 Ba6 37. Qg5 e3 38. Qh6 Rxf6 39. Rxf6 1-0

[Event "Mondiale Semilampo 2016"]
[Site "Doha QAT"]
[Date "2016.12.27"]
[Round "9.17"]
[White "Lu, Shanglei"]
[Black "Melkumyan, Hrant"]
[Result "0-1"]
[WhiteTitle "GM"]
[BlackTitle "GM"]
[WhiteElo "2627"]
[BlackElo "2633"]
[WhiteFideId "8603332"]
[BlackFideId "13302485"]
[EventDate "2016.12.26"]

1. e4 c6 2. Nc3 d5 3. Nf3 Bg4 4. h3 Bxf3 5. Qxf3 Nf6 6. d3 e6 7. g4 Bb4 8. a3
Qa5 9. Bd2 d4 10. Nb1 Na6 11. c3 dxc3 12. Nxc3 Bc5 13. Bg2 Qd8 14. Ne2 Nc7 15.
g5 Nd7 16. d4 Be7 17. Qg3 Nb6 18. Rc1 Nb5 19. O-O O-O 20. Be3 Nd6 21. b3 Nd7 22.
f4 Qa5 23. a4 Rae8 24. h4 f5 25. gxf6 Nxf6 26. Nc3 Qh5 27. Bf3 Qf7 28. Qg2 Kh8
29. f5 Ng8 30. d5 exd5 31. exd5 Nxf5 32. Bf2 Bxh4 33. dxc6 bxc6 34. Bxc6 Bxf2+
35. Rxf2 Re5 36. Bd5 Qe7 37. Rcf1 Rf6 38. Bxg8 Rg6 39. Qxg6 hxg6 40. Bc4 Qg5+
41. Kh2 Qh4+ 42. Kg1 Qg3+ 43. Kh1 Kh7 44. Ne2 Qe3 45. Rf3 Qe4 46. Kh2 Ne3 47.
Ng3 Nxf1+ 48. Rxf1 Qc2+ 49. Kh3 Rg5 50. Rf4 Qc3 0-1

[Event "Mondiale Semilampo 2016"]
[Site "Doha QAT"]
[Date "2016.12.27"]
[Round "9.19"]
[White "Jakovenko, Dmitry"]
[Black "Volokitin, Andrei"]
[Result "1-0"]
[WhiteTitle "GM"]
[BlackTitle "GM"]
[WhiteElo "2704"]
[BlackElo "2649"]
[WhiteFideId "4122356"]
[BlackFideId "14107090"]
[EventDate "2016.12.26"]

1. Nf3 Nf6 2. c4 g6 3. Nc3 d5 4. cxd5 Nxd5 5. Qb3 Nb6 6. d4 Bg7 7. e4 Bg4 8.
Bb5+ c6 9. Ng5 O-O 10. Be2 Bxe2 11. Nxe2 Na6 12. Qh3 h6 13. Nf3 h5 14. Rg1 e5
15. g4 exd4 16. gxh5 Qd7 17. Qh4 d3 18. Nf4 Rfe8 19. hxg6 Rxe4+ 20. Kf1 f6 21.
Qh7+ Kf8 22. Nh5 d2 23. Bxd2 Qd3+ 24. Kg2 Rg4+ 25. Ng3 Qxg6 26. Qxg6 Rxg6 27.
Nh4 Rg4 28. Kh3 Rd4 29. Ngf5 Rd3+ 30. f3 Bh8 31. Rae1 Rxd2 32. Ng6+ Kg8 33. Re7 1-0

[Event "Mondiale Semilampo 2016"]
[Site "Doha QAT"]
[Date "2016.12.27"]
[Round "9.20"]
[White "Bok, Benjamin"]
[Black "Howell, David W L"]
[Result "0-1"]
[WhiteTitle "GM"]
[BlackTitle "GM"]
[WhiteElo "2598"]
[BlackElo "2644"]
[WhiteFideId "1017063"]
[BlackFideId "410608"]
[EventDate "2016.12.26"]

1. e4 e5 2. Nf3 Nc6 3. Bc4 Bc5 4. O-O Nf6 5. d3 d6 6. c3 a6 7. a4 Ba7 8. Re1 O-O
9. h3 h6 10. Na3 Ne7 11. Nc2 Ng6 12. Be3 Bxe3 13. Nxe3 a5 14. d4 exd4 15. Qxd4
Re8 16. Nd5 Ne5 17. Nxe5 dxe5 18. Qc5 Nxd5 19. Bxd5 Qe7 20. Qxe7 Rxe7 21. Red1
Kf8 22. Rd3 c6 23. Bc4 Rd7 24. Rad1 Rxd3 25. Rxd3 Ke7 26. h4 b6 27. Kf1 Ra7 28.
Ke2 Rd7 29. Rf3 f6 30. Rg3 Kd6 31. b4 Ra7 32. Rd3+ Ke7 33. Bb3 Ba6 34. c4 axb4
35. Rg3 Kd6 36. Rd3+ Kc5 37. Rd1 Bc8 38. Ke3 Be6 39. g3 b5 40. cxb5 Bxb3 41.
Rc1+ Bc4 42. b6 Kxb6 43. Rxc4 Rxa4 0-1

[Event "Mondiale Semilampo 2016"]
[Site "Doha QAT"]
[Date "2016.12.27"]
[Round "9.21"]
[White "Matlakov, Maxim"]
[Black "Pichot, Alan"]
[Result "1-0"]
[WhiteTitle "GM"]
[BlackTitle "GM"]
[WhiteElo "2694"]
[BlackElo "2544"]
[WhiteFideId "4168003"]
[BlackFideId "110973"]
[EventDate "2016.12.26"]

1. Nf3 Nf6 2. g3 g6 3. Bg2 Bg7 4. O-O O-O 5. d4 d6 6. b3 c5 7. c4 Nc6 8. Bb2 Bd7
9. d5 Na5 10. Nbd2 b5 11. e4 bxc4 12. bxc4 e5 13. Ne1 Bh6 14. f4 exf4 15. gxf4
Bg4 16. Bf3 Bxf4 17. Bxg4 Be3+ 18. Kh1 Nxg4 19. Qxg4 Bxd2 20. Bf6 Qc8 21. Qh4
Nxc4 22. Nf3 Be3 23. Rae1 h5 24. Rg1 Kh7 25. Rxe3 Nxe3 26. Ng5+ Kg8 27. Ne6 Kh7
28. Ng5+ Kg8 29. Ne6 Kh7 30. Rg5 fxe6 31. Rxg6 1-0